Veva / (Registro nro. 9218)

Detalles MARC
000 -LIDER
fixed length control field 00889nam a22003017a 4500
001 - NÚMERO DE CONTROL
Identificador de número de control 240003
003 - IDENTIFICACDOR DE NÚMERO DE CONTROL
control field DO-SdBNP
005 - DATE AND TIME OF LATEST TRANSACTION
control field 20180206130522.0
007 - CAMPOS FIJOS DE DESCRIPCIÓN FÍSICA
fixed length control field 240003
008 - ELEMENTOS DE LONGITUD FIJA
fixed length control field 160314b 1990 sp xxu||||| |||| 00| 0 spa d
010 ## - NUMERO DE CONTROL DE BIBLIOTECA DEL CONGRESO
LC control number 00260
020 ## - ISBN
International Standard Book Number 8427931204
040 ## - FUENTE DE CATALOGACIÓN
Agencia que crea de manera original el registro BPMSU
Idioma de catalogación spa
Agencia que realiza la transcripción BPMSU
092 ## - LOCALLY ASSIGNED DEWEY DECIMAL CALL NUMBER
Número de clasificación XXXX
Número de ítem (Cutter) XXXX
100 1# - ASIENTO PRINCIPAL -- NOMBRE PERSONAL
Nombre personal Kurtz, Carmen,
Fechas asociadas con el nombre 1911-1999.
245 ## - MENCIÓN DE TITULO
Título Veva /
Mención de responsabilidad Carmen Kurtz ; ilustraciones de Odile Kurz.
250 ## - MENCIÓN DE EDICION
Mención de edición 12ª ed.
260 ## - PUBLICACIÓN, DISTRIBUCIÓN, ETC. (PIE DE IMPRENTA)
Lugar de publicación, distribución, etc Barcelona :
Nombre del editor, distribuidor, etc. Noguer,
Fecha de publicación, distribución, etc 1980.
300 ## - DESCRIPCIÓN FÍSICA
Extensión 116 p. :
Otros detalles físicos il. ;
Dimensiones 20 cm.
490 1# - MENCIÓN DE SERIES
Mención de serie Quatro vientos
Volume/sequential designation 19
500 ## - NOTA GENERAL
Nota general Incluye datos biográficos de la autora.
585 ## - NOTA DE PREMIOS
Materiales especificados Premio C. C. E. I. (Comisión Católica Española para la Infancia)
700 12 - ASIENTO SECUNDARIO -- NOMBRE PERSONAL
Nombre personal Kurz, Odile,
Mención de responsabilidad il.
830 #0 - ASIENTO SECUNDARIO DE SERIE--TÍTULO UNIFORME
Título uniforme Quatro vientos ;
Número de la parte o sección de una obra 19
942 ## - ADDED ENTRY ELEMENTS (KOHA)
Source of classification or shelving scheme Dewey Decimal Classification
Koha item type Libros
945 ## - INFORMACIÓN DE PROCESAMIENTO LOCAL
Información de procesamiento local Inventariado, 2018 / BT
956 ## - LOCAL ELECTRONIC LOCATION AND ACCESS (OCLC)
Método de acceso LOPEREZ
Materiales especificados 10
Enlace BPMSU
Campo enlazado y núm. de secuencia 00260
Existencias
Withdrawn status Lost status Source of classification or shelving scheme Damaged status Not for loan Collection code Home library Current library Date acquired Source of acquisition Total Checkouts Barcode Date last seen Price effective from Koha item type
    Dewey Decimal Classification     Colección General Biblioteca Pública Metropolitana Salomé Ureña Biblioteca Pública Metropolitana Salomé Ureña 03/14/2016 FUNDI   BPMSU16030092 03/14/2016 03/14/2016 Libros